[Event "EYTCC-G"]
[Site "?"]
[Date "2017.08.21"]
[Round "5.16"]
[White "Ganzova, Veronika"]
[Black "Kovacs, Judit"]
[Result "0-1"]
[BlackElo "2062"]
[WhiteElo "1608"]
[LiveChessVersion "1.4.6"]

1. e4 {[%clk 1:30:55]} c5 {[%clk 1:30:55]} 2. Nf3 {[%clk 1:31:15]} e6
{[%clk 1:31:18]} 3. d4 {[%clk 1:31:28]} cxd4 {[%clk 1:31:37]} 4. Nxd4
{[%clk 1:31:50]} a6 {[%clk 1:31:59]} 5. Nc3 {[%clk 1:31:29]} Qc7 {[%clk 1:32:11]}
6. Bd3 {[%clk 1:31:06]} Nf6 {[%clk 1:31:47]} 7. O-O {[%clk 1:30:57]} Bc5
{[%clk 1:31:19]} 8. Nb3 {[%clk 1:30:31]} Be7 {[%clk 1:31:20]} 9. Be3
{[%clk 1:30:03]} d6 {[%clk 1:28:41]} 10. f4 {[%clk 1:28:46]} Nc6 {[%clk 1:27:20]}
11. a3 {[%clk 1:25:19]} b5 {[%clk 1:26:44]} 12. Qf3 {[%clk 1:22:14]} O-O
{[%clk 1:23:59]} 13. Rad1 {[%clk 1:18:58]} Rb8 {[%clk 1:19:12]} 14. Nd4
{[%clk 0:58:50]} Nxd4 {[%clk 1:17:05]} 15. Bxd4 {[%clk 0:57:53]} e5
{[%clk 1:12:51]} 16. fxe5 {[%clk 0:47:24]} dxe5 {[%clk 1:12:56]} 17. Qg3
{[%clk 0:43:23]} Bc5 {[%clk 1:07:30]} 18. Bxc5 {[%clk 0:40:46]} Qxc5+
{[%clk 1:07:51]} 19. Kh1 {[%clk 0:40:51]} Qe7 {[%clk 0:54:05]} 20. Rf2
{[%clk 0:32:30]} Nh5 {[%clk 0:46:07]} 21. Qe3 {[%clk 0:27:21]} Nf4
{[%clk 0:42:56]} 22. Bf1 {[%clk 0:20:53]} Bb7 {[%clk 0:28:36]} 23. g3
{[%clk 0:15:15]} Ne6 {[%clk 0:28:55]} 24. Nd5 {[%clk 0:14:53]} Bxd5
{[%clk 0:23:18]} 25. Rxd5 {[%clk 0:14:58]} f6 {[%clk 0:19:59]} 26. Rfd2
{[%clk 0:13:00]} Ng5 {[%clk 0:16:18]} 27. Rd6 {[%clk 0:11:27]} Qb7
{[%clk 0:14:14]} 28. Bg2 {[%clk 0:11:26]} Rbc8 {[%clk 0:12:56]} 29. Rb6
{[%clk 0:08:44]} Qa7 {[%clk 0:12:30]} 30. Qb3+ {[%clk 0:07:54]} Kh8
{[%clk 0:11:22]} 31. Rbd6 {[%clk 0:06:33]} Rc4 {[%clk 0:07:36]} 32. Qd3
{[%clk 0:06:27]} h6 {[%clk 0:06:19]} 33. Rd7 {[%clk 0:04:19]} Qa8
{[%clk 0:05:29]} 34. Rd5 {[%clk 0:03:06]} Ne6 {[%clk 0:04:56]} 35. c3
{[%clk 0:02:39]} Nc5 {[%clk 0:03:51]} 36. Qe3 {[%clk 0:02:34]} Nb3
{[%clk 0:04:14]} 37. Rd1 {[%clk 0:02:43]} Qc8 {[%clk 0:04:03]} 38. Qe2
{[%clk 0:02:36]} Nc5 {[%clk 0:03:03]} 39. Qe3 {[%clk 0:02:16]} Na4
{[%clk 0:02:54]} 40. R1d2 {[%clk 0:30:58]} Rc6 {[%clk 0:31:25]} 41. Rd7
{[%clk 0:26:21]} Nb6 {[%clk 0:26:57]} 42. Re7 {[%clk 0:17:08]} Rd8
{[%clk 0:22:39]} 43. Rxd8+ {[%clk 0:07:17]} Qxd8 {[%clk 0:22:54]} 44. Ra7
{[%clk 0:07:03]} Qd1+ {[%clk 0:14:36]} 45. Qg1 {[%clk 0:07:05]} Rd6
{[%clk 0:14:37]} 46. h3 {[%clk 0:05:58]} Nc4 {[%clk 0:12:08]} 47. b4
{[%clk 0:04:31]} Ne3 {[%clk 0:12:05]} 0-1

[Event "EYTCC-G"]
[Site "?"]
[Date "2017.08.21"]
[Round "5.17"]
[White "Srdanovic, Jovana"]
[Black "Olechnicka, Karolina"]
[Result "1-0"]
[BlackElo "1938"]
[WhiteElo "2105"]
[LiveChessVersion "1.4.6"]

1. d4 {[%clk 1:30:57]} Nf6 {[%clk 1:30:56]} 2. Bg5 {[%clk 1:31:15]} d5
{[%clk 1:29:18]} 3. e3 {[%clk 1:30:35]} c5 {[%clk 1:22:54]} 4. c3
{[%clk 1:28:14]} Qb6 {[%clk 1:20:21]} 5. Qb3 {[%clk 1:27:45]} Qxb3
{[%clk 0:57:21]} 6. axb3 {[%clk 1:28:05]} Ne4 {[%clk 0:55:29]} 7. Bf4 a6 8. f3
{[%clk 1:27:57]} Nf6 {[%clk 0:53:58]} 9. dxc5 {[%clk 1:27:48]} Bf5
{[%clk 0:52:28]} 10. b4 Nbd7 {[%clk 0:51:25]} 11. Nd2 {[%clk 1:25:23]} e5
{[%clk 0:48:43]} 12. Bg3 {[%clk 1:25:26]} Be7 {[%clk 0:48:17]} 13. Nb3
{[%clk 1:18:12]} Bd8 {[%clk 0:38:11]} 14. Ne2 {[%clk 1:04:39]} O-O 15. Nec1 Re8
16. Be2 e4 17. f4 Nf8 18. Nd4 Bd7 19. Ncb3 Ng6 {[%clk 0:20:22]} 20. c6
{[%clk 0:35:18]} bxc6 21. Rxa6 Rxa6 22. Bxa6 Bb6 {[%clk 0:16:18]} 23. Kd2
{[%clk 0:30:16]} Ne7 24. Bh4 Nf5 25. Bxf6 gxf6 {[%clk 0:13:07]} 26. Nxf5
{[%clk 0:29:01]} Bxf5 {[%clk 0:13:30]} 27. Bb7 Bd7 28. Ra1 {[%clk 0:27:58]} Rb8
{[%clk 0:12:53]} 29. Ra8 {[%clk 0:27:47]} Rxa8 30. Bxa8 Kf8 {[%clk 0:13:06]} 31.
b5 Ke7 32. bxc6 {[%clk 0:27:57]} Bc8 33. Nd4 Kd6 {[%clk 0:10:20]} 34. Bb7
{[%clk 0:22:45]} Bxb7 35. cxb7 Kc7 36. Nc6 Kxb7 37. Ne7 Bd8 {[%clk 0:03:26]} 38.
Nxd5 {[%clk 0:23:20]} Kc6 {[%clk 0:03:31]} 39. c4 f5 40. Kc3 {[%clk 0:53:16]} h5
41. b4 Kd6 42. Kd4 f6 43. c5+ Kc6 44. Kc4 h4 45. h3 Kb7 46. Kb5 Kb8 47. Kc6 Kc8
{[%clk 0:32:48]} 48. Kd6 {[%clk 0:52:30]} 1-0

[Event "EYTCC-G"]
[Site "?"]
[Date "2017.08.21"]
[Round "5.18"]
[White "Moscicka, Pola"]
[Black "Nestorovic, Katarina"]
[Result "1/2-1/2"]
[BlackElo "1941"]
[WhiteElo "1869"]
[LiveChessVersion "1.4.6"]

1. e4 {[%clk 1:30:56]} c5 {[%clk 1:30:55]} 2. Nf3 {[%clk 1:31:20]} e6
{[%clk 1:31:20]} 3. d4 {[%clk 1:31:44]} cxd4 {[%clk 1:31:45]} 4. Nxd4
{[%clk 1:32:11]} Nf6 {[%clk 1:32:09]} 5. Nc3 {[%clk 1:32:31]} d6 {[%clk 1:32:32]}
6. Be3 {[%clk 1:32:45]} Be7 {[%clk 1:32:35]} 7. f3 {[%clk 1:32:44]} O-O
{[%clk 1:32:33]} 8. Qd2 {[%clk 1:32:50]} a6 {[%clk 1:32:31]} 9. O-O-O
{[%clk 1:31:32]} b5 {[%clk 1:32:48]} 10. g4 {[%clk 1:30:21]} Nfd7
{[%clk 1:29:24]} 11. g5 {[%clk 1:24:37]} Ne5 {[%clk 1:27:25]} 12. h4
{[%clk 1:13:02]} b4 {[%clk 1:23:22]} 13. Nb1 {[%clk 1:12:05]} Qa5
{[%clk 1:15:23]} 14. f4 {[%clk 0:54:45]} Nec6 {[%clk 1:14:10]} 15. Nxc6
{[%clk 0:50:18]} Nxc6 {[%clk 1:14:33]} 16. Bc4 {[%clk 0:50:27]} Qc7
{[%clk 1:11:25]} 17. Bd3 {[%clk 0:44:21]} Rb8 {[%clk 1:01:49]} 18. b3
{[%clk 0:37:57]} a5 {[%clk 0:53:06]} 19. Rhf1 {[%clk 0:35:19]} a4
{[%clk 0:43:38]} 20. f5 {[%clk 0:30:33]} Rd8 {[%clk 0:31:54]} 21. f6
{[%clk 0:26:01]} Bf8 {[%clk 0:31:58]} 22. Qe2 {[%clk 0:23:40]} Ne5
{[%clk 0:27:05]} 23. Bd4 {[%clk 0:21:46]} Qa5 {[%clk 0:25:44]} 24. Rg1
{[%clk 0:19:23]} Nxd3+ {[%clk 0:21:27]} 25. Qxd3 {[%clk 0:19:38]} e5
{[%clk 0:19:01]} 26. Bb2 {[%clk 0:18:47]} g6 {[%clk 0:17:57]} 27. Nd2
{[%clk 0:17:17]} axb3 {[%clk 0:14:26]} 28. axb3 {[%clk 0:17:10]} Be6
{[%clk 0:14:24]} 29. h5 {[%clk 0:15:00]} Rbc8 {[%clk 0:13:48]} 30. hxg6
{[%clk 0:14:04]} fxg6 {[%clk 0:13:56]} 31. Rh1 {[%clk 0:11:35]} Rc3
{[%clk 0:11:47]} 32. Bxc3 {[%clk 0:09:17]} bxc3 {[%clk 0:12:09]} 33. Nb1
{[%clk 0:09:42]} Rc8 {[%clk 0:12:27]} 34. f7+ {[%clk 0:07:58]} Kxf7
{[%clk 0:07:48]} 35. Rxh7+ {[%clk 0:07:40]} Kg8 {[%clk 0:05:37]} 36. Rdh1
{[%clk 0:07:19]} Qa1 {[%clk 0:05:06]} 37. Rh8+ {[%clk 0:05:49]} Kf7
{[%clk 0:05:34]} 38. R1h7+ {[%clk 0:05:25]} Bg7 {[%clk 0:04:45]} 39. Qf3+
{[%clk 0:01:37]} Bf5 {[%clk 0:03:53]} 40. Rxc8 {[%clk 0:31:32]} Qb2+
{[%clk 0:34:16]} 41. Kd1 {[%clk 0:31:51]} Qxb1+ {[%clk 0:34:26]} 42. Ke2
{[%clk 0:32:15]} Qxc2+ {[%clk 0:33:44]} 43. Kf1 {[%clk 0:31:26]} Qc1+
{[%clk 0:33:30]} 44. Kg2 {[%clk 0:29:54]} Qxg5+ {[%clk 0:33:34]} 45. Kf1
{[%clk 0:29:18]} Qc1+ {[%clk 0:33:57]} 1/2-1/2

[Event "EYTCC-G"]
[Site "?"]
[Date "2017.08.22"]
[Round "6.1"]
[White "Unuk, Laura"]
[Black "Martynkova, Olena"]
[Result "1/2-1/2"]
[BlackElo "2179"]
[WhiteElo "2343"]
[LiveChessVersion "1.4.6"]

1. d4 {[%clk 1:30:57]} Nf6 {[%clk 1:30:51]} 2. Nf3 {[%clk 1:31:19]} g6
{[%clk 1:31:01]} 3. Bg5 {[%clk 1:31:35]} Bg7 {[%clk 1:29:35]} 4. Nbd2
{[%clk 1:31:55]} d5 {[%clk 1:28:52]} 5. c3 {[%clk 1:31:58]} O-O {[%clk 1:27:46]}
6. e3 {[%clk 1:32:22]} Nbd7 {[%clk 1:21:22]} 7. Be2 {[%clk 1:32:31]} Re8
{[%clk 1:19:19]} 8. O-O {[%clk 1:32:39]} e5 {[%clk 1:15:52]} 9. a4
{[%clk 1:32:46]} exd4 {[%clk 1:05:08]} 10. cxd4 {[%clk 1:28:48]} a5
{[%clk 1:03:20]} 11. Rc1 {[%clk 1:22:01]} c6 {[%clk 1:01:58]} 12. b3
{[%clk 1:10:52]} Qb6 {[%clk 0:53:16]} 13. Qc2 {[%clk 1:08:54]} Nb8
{[%clk 0:48:05]} 14. Ne5 {[%clk 1:02:14]} Nfd7 {[%clk 0:42:49]} 15. Ng4
{[%clk 0:54:40]} f6 {[%clk 0:27:09]} 16. Bf4 {[%clk 0:49:09]} Nf8
{[%clk 0:23:16]} 17. Nh6+ {[%clk 0:47:20]} Kh8 {[%clk 0:22:52]} 18. Nf7+
{[%clk 0:46:15]} Kg8 {[%clk 0:23:20]} 19. Nd6 {[%clk 0:46:38]} Rd8
{[%clk 0:22:56]} 20. h4 {[%clk 0:39:12]} Be6 {[%clk 0:21:12]} 21. h5
{[%clk 0:36:58]} Qb4 {[%clk 0:18:31]} 22. Qc3 {[%clk 0:31:05]} Qxc3
{[%clk 0:16:13]} 23. Rxc3 {[%clk 0:31:30]} b6 {[%clk 0:14:36]} 24. e4
{[%clk 0:25:07]} dxe4 {[%clk 0:12:41]} 25. N2xe4 {[%clk 0:25:23]} Bd5
{[%clk 0:10:27]} 26. h6 {[%clk 0:22:56]} Ne6 {[%clk 0:05:33]} 27. Be3
{[%clk 0:12:47]} Bh8 {[%clk 0:05:47]} 28. Bc4 {[%clk 0:12:51]} Na6
{[%clk 0:04:17]} 29. g4 {[%clk 0:11:27]} Nb4 {[%clk 0:02:19]} 30. f4
{[%clk 0:10:19]} Bxc4 {[%clk 0:01:54]} 31. Rxc4 {[%clk 0:09:33]} Nd5
{[%clk 0:01:41]} 32. Bd2 {[%clk 0:05:52]} f5 {[%clk 0:01:07]} 33. gxf5
{[%clk 0:06:18]} gxf5 {[%clk 0:01:30]} 34. Nxf5 {[%clk 0:06:28]} Rf8
{[%clk 0:01:05]} 35. Ned6 {[%clk 0:05:32]} Rf6 {[%clk 0:01:01]} 36. Kh2
{[%clk 0:05:07]} Rg6 {[%clk 0:00:45]} 37. Rg1 {[%clk 0:00:57]} Rxg1
{[%clk 0:00:59]} 38. Kxg1 {[%clk 0:01:23]} Nexf4 {[%clk 0:00:36]} 39. Rxc6
{[%clk 0:01:21]} Ne2+ {[%clk 0:00:42]} 40. Kh1 {[%clk 0:30:43]} Nxd4
{[%clk 0:30:47]} 41. Nxd4 {[%clk 0:25:05]} Bxd4 {[%clk 0:31:10]} 42. Rc4
{[%clk 0:24:38]} Be5 {[%clk 0:26:22]} 43. Rg4+ {[%clk 0:23:47]} Kf8
{[%clk 0:26:26]} 44. Nc4 {[%clk 0:24:12]} Bf6 {[%clk 0:23:18]} 45. Kg2
{[%clk 0:22:08]} Rd8 {[%clk 0:16:36]} 46. Kf3 {[%clk 0:22:31]} Ne7
{[%clk 0:13:53]} 47. Ke2 {[%clk 0:16:04]} Nc6 {[%clk 0:09:24]} 48. Rg3
{[%clk 0:13:43]} Nd4+ {[%clk 0:07:10]} 49. Kd1 {[%clk 0:12:20]} Rb8
{[%clk 0:02:40]} 50. Bf4 {[%clk 0:04:56]} Rd8 {[%clk 0:02:42]} 51. Bd2
{[%clk 0:03:43]} Rb8 {[%clk 0:03:05]} 52. Bf4 {[%clk 0:03:58]} Rd8
{[%clk 0:03:33]} 53. Bd2 {[%clk 0:02:39]} Rb8 {[%clk 0:04:00]} 54. Bf4
{[%clk 0:02:06]} 1/2-1/2

[Event "EYTCC-G"]
[Site "?"]
[Date "2017.08.22"]
[Round "6.2"]
[White "Krasnokutskaya, Sofiya"]
[Black "Hrescak, Ivana"]
[Result "0-1"]
[BlackElo "2022"]
[WhiteElo "2182"]
[LiveChessVersion "1.4.6"]

1. e4 {[%clk 1:30:57]} c5 {[%clk 1:30:51]} 2. Nf3 {[%clk 1:31:17]} d6
{[%clk 1:31:14]} 3. d4 {[%clk 1:31:42]} cxd4 {[%clk 1:31:38]} 4. Nxd4
{[%clk 1:32:08]} Nf6 {[%clk 1:32:01]} 5. Nc3 {[%clk 1:32:31]} a6 {[%clk 1:32:19]}
6. h3 {[%clk 1:32:42]} e5 {[%clk 1:32:30]} 7. Nde2 {[%clk 1:33:06]} h5
{[%clk 1:32:21]} 8. g3 {[%clk 1:33:18]} Be6 {[%clk 1:30:46]} 9. Bg2
{[%clk 1:33:34]} Nbd7 {[%clk 1:29:30]} 10. a4 {[%clk 1:33:14]} Be7
{[%clk 1:28:37]} 11. Bg5 {[%clk 1:30:06]} Rc8 {[%clk 1:26:18]} 12. O-O
{[%clk 1:27:47]} O-O {[%clk 1:23:25]} 13. h4 {[%clk 1:21:34]} Re8
{[%clk 1:19:15]} 14. b3 {[%clk 1:15:56]} Rc7 {[%clk 1:14:31]} 15. Qd2
{[%clk 1:09:24]} Qb8 {[%clk 1:09:35]} 16. a5 {[%clk 1:02:21]} Rd8
{[%clk 1:03:36]} 17. Rac1 {[%clk 0:44:45]} b5 {[%clk 0:54:12]} 18. axb6
{[%clk 0:44:22]} Nxb6 {[%clk 0:54:26]} 19. Rfd1 {[%clk 0:37:52]} Rcd7
{[%clk 0:48:02]} 20. Qd3 {[%clk 0:31:55]} Qb7 {[%clk 0:33:09]} 21. Nd5
{[%clk 0:30:51]} Bxd5 {[%clk 0:31:57]} 22. exd5 {[%clk 0:31:15]} Rc7
{[%clk 0:30:29]} 23. Bxf6 {[%clk 0:28:04]} Bxf6 {[%clk 0:30:20]} 24. c4
{[%clk 0:23:23]} Nd7 {[%clk 0:27:52]} 25. Rb1 {[%clk 0:23:20]} Be7
{[%clk 0:22:58]} 26. b4 {[%clk 0:20:36]} Qc8 {[%clk 0:12:14]} 27. c5
{[%clk 0:12:30]} dxc5 {[%clk 0:11:21]} 28. d6 {[%clk 0:12:10]} Nf6
{[%clk 0:10:57]} 29. bxc5 {[%clk 0:10:09]} Rxc5 {[%clk 0:09:35]} 30. Bb7
{[%clk 0:08:16]} Qe6 {[%clk 0:05:39]} 31. Rb6 {[%clk 0:07:54]} Rb5
{[%clk 0:03:01]} 32. Rxb5 {[%clk 0:03:42]} axb5 {[%clk 0:03:27]} 33. Qxb5
{[%clk 0:02:50]} Rxd6 {[%clk 0:03:25]} 34. Rb1 {[%clk 0:03:02]} Bd8
{[%clk 0:02:34]} 35. Nc3 {[%clk 0:01:29]} Rb6 {[%clk 0:01:53]} 36. Qd3
{[%clk 0:01:49]} Rxb1+ {[%clk 0:01:33]} 37. Nxb1 {[%clk 0:02:05]} Bb6
{[%clk 0:01:20]} 38. Nc3 {[%clk 0:01:29]} Bxf2+ {[%clk 0:01:08]} 39. Kg2
{[%clk 0:01:04]} Bd4 {[%clk 0:00:44]} 40. Ne2 {[%clk 0:30:41]} Qb6
{[%clk 0:30:32]} 41. Bf3 {[%clk 0:30:26]} g6 {[%clk 0:27:50]} 42. Qc4
{[%clk 0:28:58]} Kg7 {[%clk 0:26:09]} 43. Qd3 {[%clk 0:25:25]} Qb2
{[%clk 0:24:05]} 44. Kh3 {[%clk 0:23:10]} Qb6 {[%clk 0:13:36]} 45. Kg2
{[%clk 0:20:26]} Ne8 {[%clk 0:12:32]} 46. Bd5 {[%clk 0:16:08]} Nd6
{[%clk 0:11:04]} 47. Qf3 {[%clk 0:14:59]} Nf5 {[%clk 0:09:58]} 48. Kh2
{[%clk 0:12:58]} Qa7 {[%clk 0:08:39]} 49. Bb3 {[%clk 0:10:06]} Ne3
{[%clk 0:06:37]} 50. Kh3 {[%clk 0:08:44]} Qd7+ {[%clk 0:05:29]} 51. Kh2
{[%clk 0:08:55]} Ba7 {[%clk 0:04:11]} 52. Nc3 {[%clk 0:04:45]} Ng4+
{[%clk 0:01:27]} 53. Kg2 {[%clk 0:03:48]} Nf2 {[%clk 0:00:51]} 54. Kf1
{[%clk 0:01:47]} Qc7 {[%clk 0:00:40]} 55. Nb5 {[%clk 0:01:41]} Qc1+
{[%clk 0:00:41]} 56. Kg2 {[%clk 0:02:04]} Qh1# {[%clk 0:01:05]} 0-1

[Event "EYTCC-G"]
[Site "?"]
[Date "2017.08.22"]
[Round "6.3"]
[White "Schneider, Jana"]
[Black "Kiolbasa, Oliwia"]
[Result "0-1"]
[BlackElo "2241"]
[WhiteElo "2275"]
[LiveChessVersion "1.4.6"]

1. e4 {[%clk 1:30:57]} e5 {[%clk 1:30:46]} 2. Bc4 {[%clk 1:31:17]} Nf6
{[%clk 1:31:01]} 3. d3 {[%clk 1:31:38]} c6 {[%clk 1:31:11]} 4. Nf3
{[%clk 1:31:43]} Be7 {[%clk 1:31:21]} 5. O-O {[%clk 1:31:10]} d6 {[%clk 1:31:28]}
6. Re1 {[%clk 1:28:22]} O-O {[%clk 1:30:56]} 7. Nbd2 {[%clk 1:27:35]} Nbd7
{[%clk 1:30:33]} 8. c3 {[%clk 1:26:06]} Qc7 {[%clk 1:29:24]} 9. Bb3
{[%clk 1:23:50]} h6 {[%clk 1:28:00]} 10. Nf1 {[%clk 1:22:09]} Re8
{[%clk 1:27:33]} 11. Ng3 {[%clk 1:20:26]} b5 {[%clk 1:20:31]} 12. h3
{[%clk 1:09:38]} a5 {[%clk 1:17:35]} 13. Nh2 {[%clk 1:05:21]} a4 {[%clk 1:10:16]}
14. Bc2 {[%clk 1:05:28]} a3 {[%clk 1:00:24]} 15. b4 {[%clk 1:00:56]} d5
{[%clk 0:58:01]} 16. Rb1 {[%clk 0:53:06]} Bf8 {[%clk 0:47:54]} 17. Ng4
{[%clk 0:47:52]} dxe4 {[%clk 0:44:18]} 18. dxe4 {[%clk 0:43:53]} Nxg4
{[%clk 0:42:41]} 19. hxg4 {[%clk 0:42:38]} g6 {[%clk 0:41:27]} 20. Nf1
{[%clk 0:34:10]} Nb6 {[%clk 0:39:02]} 21. Qf3 {[%clk 0:26:51]} Be6
{[%clk 0:33:58]} 22. Bb3 {[%clk 0:25:56]} Nc4 {[%clk 0:30:51]} 23. Ne3
{[%clk 0:22:25]} Qc8 {[%clk 0:27:02]} 24. Bxc4 {[%clk 0:17:56]} bxc4
{[%clk 0:26:00]} 25. Qe2 {[%clk 0:17:34]} Qa6 {[%clk 0:23:14]} 26. Nc2
{[%clk 0:16:50]} Red8 {[%clk 0:23:18]} 27. Nxa3 {[%clk 0:13:38]} Rd3
{[%clk 0:21:08]} 28. Bb2 {[%clk 0:13:00]} Qc8 {[%clk 0:18:45]} 29. f3
{[%clk 0:12:09]} Qd7 {[%clk 0:18:00]} 30. Rbd1 {[%clk 0:09:27]} Be7
{[%clk 0:13:28]} 31. Rxd3 {[%clk 0:03:54]} cxd3 {[%clk 0:13:46]} 32. Qd1
{[%clk 0:03:56]} Bg5 {[%clk 0:11:19]} 33. c4 {[%clk 0:02:39]} d2 {[%clk 0:10:44]}
34. Re2 {[%clk 0:03:03]} Rxa3 {[%clk 0:07:54]} 35. Bxa3 {[%clk 0:03:28]} Bxc4
{[%clk 0:07:03]} 36. Rf2 {[%clk 0:03:33]} Be3 {[%clk 0:07:10]} 37. Bb2
{[%clk 0:03:22]} Be2 {[%clk 0:06:51]} 0-1

[Event "EYTCC-G"]
[Site "?"]
[Date "2017.08.22"]
[Round "6.4"]
[White "Kubicka, Anna"]
[Black "Rogozenco, Teodora"]
[Result "1-0"]
[BlackElo "2162"]
[WhiteElo "2226"]
[LiveChessVersion "1.4.6"]

1. d4 {[%clk 1:30:47]} Nf6 {[%clk 1:30:54]} 2. c4 {[%clk 1:31:09]} g6
{[%clk 1:31:21]} 3. Nc3 {[%clk 1:31:30]} Bg7 {[%clk 1:31:47]} 4. e4
{[%clk 1:31:40]} d6 {[%clk 1:32:14]} 5. Nf3 {[%clk 1:32:00]} O-O {[%clk 1:32:39]}
6. h3 {[%clk 1:32:10]} c5 {[%clk 1:32:21]} 7. d5 {[%clk 1:32:21]} b5
{[%clk 1:30:38]} 8. cxb5 {[%clk 1:29:46]} a6 {[%clk 1:31:04]} 9. bxa6
{[%clk 1:27:45]} Bxa6 {[%clk 1:31:27]} 10. Be2 {[%clk 1:23:34]} Bxe2
{[%clk 1:27:54]} 11. Qxe2 {[%clk 1:23:30]} Nbd7 {[%clk 1:28:18]} 12. O-O
{[%clk 1:23:42]} Qb6 {[%clk 1:28:41]} 13. a4 {[%clk 1:22:03]} Rfb8
{[%clk 1:28:56]} 14. Ra3 {[%clk 1:13:54]} Ne8 {[%clk 1:28:41]} 15. Qc2
{[%clk 1:06:03]} c4 {[%clk 1:13:54]} 16. Nb5 {[%clk 1:02:58]} Nc7
{[%clk 1:13:11]} 17. Be3 {[%clk 0:58:10]} Qb7 {[%clk 1:04:10]} 18. Qxc4
{[%clk 0:46:02]} Nxb5 {[%clk 1:04:27]} 19. axb5 {[%clk 0:46:27]} Rxa3
{[%clk 1:03:49]} 20. bxa3 {[%clk 0:46:53]} Qxb5 {[%clk 1:04:13]} 21. Qxb5
{[%clk 0:39:50]} Rxb5 {[%clk 1:04:37]} 22. Rc1 {[%clk 0:39:00]} Nc5
{[%clk 0:56:22]} 23. Bxc5 {[%clk 0:36:45]} dxc5 {[%clk 0:56:45]} 24. Rc4
{[%clk 0:33:29]} Bb2 {[%clk 0:43:43]} 25. a4 {[%clk 0:31:22]} Ra5
{[%clk 0:40:09]} 26. Kf1 {[%clk 0:24:10]} Ba3 {[%clk 0:39:48]} 27. Ne5
{[%clk 0:22:40]} Bb4 {[%clk 0:37:35]} 28. Nc6 {[%clk 0:20:12]} Rxa4
{[%clk 0:37:58]} 29. Nxe7+ {[%clk 0:19:41]} Kf8 {[%clk 0:38:18]} 30. Nc6
{[%clk 0:19:44]} Ra1+ {[%clk 0:36:27]} 31. Ke2 {[%clk 0:20:09]} Ra2+
{[%clk 0:36:44]} 32. Kf3 {[%clk 0:17:45]} Be1 {[%clk 0:34:02]} 33. Rc1
{[%clk 0:07:10]} Rxf2+ {[%clk 0:26:29]} 34. Ke3 {[%clk 0:07:10]} Bd2+
{[%clk 0:26:51]} 35. Kxf2 {[%clk 0:07:37]} Bxc1 {[%clk 0:27:16]} 36. Ke2
{[%clk 0:07:02]} c4 {[%clk 0:12:27]} 37. Na5 {[%clk 0:05:34]} c3 {[%clk 0:12:07]}
38. Kd3 {[%clk 0:05:32]} Bb2 {[%clk 0:11:46]} 39. Nc4 {[%clk 0:04:46]} Ke7
{[%clk 0:11:45]} 40. e5 {[%clk 0:33:29]} 1-0

[Event "EYTCC-G"]
[Site "?"]
[Date "2017.08.22"]
[Round "6.5"]
[White "Pychova, Nela"]
[Black "Sliwicka, Alicja"]
[Result "0-1"]
[BlackElo "2204"]
[WhiteElo "2201"]
[LiveChessVersion "1.4.6"]

1. c4 {[%clk 1:30:57]} c5 {[%clk 1:30:54]} 2. Nc3 {[%clk 1:31:22]} Nc6
{[%clk 1:31:19]} 3. g3 {[%clk 1:31:47]} g6 {[%clk 1:31:42]} 4. Bg2
{[%clk 1:32:12]} Bg7 {[%clk 1:32:05]} 5. Nf3 {[%clk 1:32:29]} e5 {[%clk 1:32:26]}
6. O-O {[%clk 1:32:50]} Nge7 {[%clk 1:32:48]} 7. Ne1 {[%clk 1:33:06]} a6
{[%clk 1:32:06]} 8. d3 {[%clk 1:28:28]} d6 {[%clk 1:31:08]} 9. Nc2
{[%clk 1:28:17]} Be6 {[%clk 1:30:46]} 10. Ne3 {[%clk 1:26:15]} Rb8
{[%clk 1:30:37]} 11. Ned5 {[%clk 1:24:59]} O-O {[%clk 1:26:32]} 12. Bg5
{[%clk 0:58:30]} f6 {[%clk 1:24:42]} 13. Bd2 {[%clk 0:58:52]} b5 {[%clk 1:23:12]}
14. b3 {[%clk 0:47:51]} b4 {[%clk 1:18:47]} 15. Na4 {[%clk 0:45:34]} h6
{[%clk 1:16:08]} 16. Nxe7+ {[%clk 0:39:53]} Nxe7 {[%clk 1:16:16]} 17. Rb1
{[%clk 0:39:48]} f5 {[%clk 1:12:27]} 18. f4 {[%clk 0:38:51]} Kh7 {[%clk 1:08:55]}
19. Qe1 {[%clk 0:35:21]} Bd7 {[%clk 1:04:39]} 20. Nb2 {[%clk 0:34:07]} Bc6
{[%clk 1:02:07]} 21. Qf2 {[%clk 0:33:52]} e4 {[%clk 0:54:04]} 22. dxe4
{[%clk 0:31:00]} fxe4 {[%clk 0:53:46]} 23. g4 {[%clk 0:27:55]} Qd7
{[%clk 0:45:32]} 24. Qg3 {[%clk 0:25:50]} Rbe8 {[%clk 0:44:33]} 25. Be3
{[%clk 0:25:33]} Qc7 {[%clk 0:37:52]} 26. Qe1 {[%clk 0:22:51]} Bd7
{[%clk 0:35:32]} 27. h3 {[%clk 0:21:55]} d5 {[%clk 0:35:22]} 28. Bd2
{[%clk 0:17:36]} Bc6 {[%clk 0:31:56]} 29. cxd5 {[%clk 0:14:43]} Nxd5
{[%clk 0:32:00]} 30. e3 {[%clk 0:14:59]} a5 {[%clk 0:21:43]} 31. Qc1
{[%clk 0:12:24]} Bb5 {[%clk 0:18:31]} 32. Nc4 {[%clk 0:11:57]} a4
{[%clk 0:18:06]} 33. Qc2 {[%clk 0:11:28]} axb3 {[%clk 0:18:07]} 34. axb3
{[%clk 0:11:28]} Qe7 {[%clk 0:17:13]} 35. Rf2 {[%clk 0:09:31]} Qe6
{[%clk 0:12:37]} 36. Bf1 {[%clk 0:06:19]} Ra8 {[%clk 0:12:14]} 37. Bg2
{[%clk 0:06:20]} Rfe8 {[%clk 0:12:10]} 38. Rd1 {[%clk 0:04:09]} Ba6
{[%clk 0:04:11]} 39. Kh1 {[%clk 0:03:50]} Rad8 {[%clk 0:01:51]} 40. Rg1
{[%clk 0:33:11]} Nc3 {[%clk 0:30:53]} 41. f5 {[%clk 0:25:47]} gxf5
{[%clk 0:29:51]} 42. gxf5 {[%clk 0:23:25]} Qc6 {[%clk 0:26:20]} 43. Bf1
{[%clk 0:21:03]} Rf8 {[%clk 0:21:21]} 44. Rg6 {[%clk 0:10:10]} Rf6
{[%clk 0:18:47]} 45. Rfg2 {[%clk 0:04:38]} Rxg6 {[%clk 0:18:32]} 46. Rxg6
{[%clk 0:04:34]} Qc8 {[%clk 0:18:13]} 47. Rxg7+ {[%clk 0:03:05]} Kxg7
{[%clk 0:18:29]} 48. Bxc3+ {[%clk 0:03:31]} bxc3 {[%clk 0:18:42]} 49. Qxc3+
{[%clk 0:03:06]} Kh7 {[%clk 0:17:42]} 50. Qf6 {[%clk 0:02:17]} Rg8
{[%clk 0:17:31]} 51. Nd6 {[%clk 0:00:51]} Qd8 {[%clk 0:17:18]} 52. Qxd8
{[%clk 0:00:39]} Rxd8 {[%clk 0:17:40]} 53. Bxa6 {[%clk 0:00:45]} Rxd6
{[%clk 0:18:05]} 54. Bb7 {[%clk 0:01:07]} Rd3 {[%clk 0:16:21]} 55. Bxe4
{[%clk 0:01:20]} Rxe3 {[%clk 0:16:45]} 56. Bd5 {[%clk 0:01:42]} Rxh3+
{[%clk 0:15:42]} 57. Kg2 {[%clk 0:02:06]} Rd3 {[%clk 0:15:23]} 58. Bc4
{[%clk 0:02:09]} Rd6 {[%clk 0:14:55]} 59. Kf3 {[%clk 0:01:27]} Kg7
{[%clk 0:15:11]} 60. Ke3 {[%clk 0:00:51]} Kf6 {[%clk 0:15:25]} 61. Bd3
{[%clk 0:00:56]} Rxd3+ {[%clk 0:13:48]} 62. Kxd3 {[%clk 0:01:24]} Kxf5
{[%clk 0:14:10]} 63. Kc4 {[%clk 0:01:46]} h5 {[%clk 0:14:28]} 64. Kxc5
{[%clk 0:02:07]} h4 {[%clk 0:14:47]} 65. b4 {[%clk 0:02:18]} h3 {[%clk 0:15:12]}
66. b5 {[%clk 0:02:44]} h2 {[%clk 0:15:37]} 67. Kd4 0-1